[Event "GER-chT U12 Girls"]
[White "Burchardi, Helena"]
[Black "Wolf, Helena"]
[Site "Magdeburg"]
[Round "3.1"]
[Result "1-0"]
[Date "2023.12.28"]
[WhiteElo "1370"]
[BlackElo "1188"]
[PlyCount "53"]
[EventDate "2023.12.26"]
[EventType "team-swiss"]
[EventRounds "7"]
[EventCountry "GER"]
[SourceTitle "CBM 218 Extra"]
[Source "ChessBase"]
[SourceDate "2024.03.31"]
[SourceVersion "1"]
[SourceVersionDate "2024.03.31"]
[SourceQuality "1"]
[WhiteTeam "Weisse Dame"]
[BlackTeam "Bad Homburg"]
[WhiteTeamCountry "GER"]
[BlackTeamCountry "GER"]

1. e4 e5 2. Nf3 d6 3. d4 exd4 4. Nxd4 Nf6 5. Nc3 Be7 6. Bc4 0-0 7. 0-0 Re8 8. Be3 Nbd7 9. a4 c6 10. Ba2 a6 11. h3 Qc7 12. Bf4 Bf8 13. Re1 Ne5 14. Nf3 Bd7 15. Ng5 h6 16. Bxe5 hxg5 17. Bxf6 gxf6 18. Qd3 Rad8 19. e5 Rxe5 20. Qg6+ Kh8 21. Qxf6+ Kh7 22. Bxf7 Bf5 23. Rxe5 dxe5 24. Qxf5+ Kh8 25. Qf6+ Bg7 26. Qg6 Rd6 27. Be6 1-0

[Event "GER-ch U10 Girls"]
[White "Burchardi, Helena"]
[Black "Jiang, Lucia"]
[Site "Willingen"]
[Round "5"]
[Result "1-0"]
[Date "2022.06.07"]
[WhiteElo "802"]
[BlackElo "919"]
[PlyCount "99"]
[EventDate "2022.06.04"]
[EventType "swiss"]
[EventRounds "11"]
[EventCountry "GER"]
[SourceTitle "CBM 208 Extra"]
[Source "ChessBase"]
[SourceDate "2022.07.31"]
[SourceVersion "1"]
[SourceVersionDate "2022.07.31"]
[SourceQuality "1"]

1. e4 e5 2. Nf3 Nc6 3. Bc4 Bc5 4. c3 Nf6 5. d4 exd4 6. 0-0 d6 7. cxd4 Bxd4 8. Nxd4 Nxd4 9. Qxd4 c5 10. Qd3 Be6 11. Bxe6 fxe6 12. Qc4 Qe7 13. Re1 Rd8 14. Qa4+ Rd7 15. Qxa7 0-0 16. Nc3 Rfd8 17. g3 Qf7 18. Bg5 Re8 19. Rad1 e5 20. Bxf6 Qxf6 21. Qa4 Qe7 22. Re3 Rf8 23. Rdd3 Rc8 24. Rf3 Rcd8 25. Qc4+ Kh8 26. Nd5 Qe6 27. Nb6 Qxc4 28. Nxc4 h6 29. Rf5 b5 30. Nb6 Rb7 31. Nd5 Ra7 32. a3 c4 33. Rc3 Rb8 34. Nb4 Rc8 35. b3 Rxa3 36. Nc2 Ra2 37. bxc4 bxc4 38. Rf7 Rc5 39. Rd7 Ra6 40. Nb4 Rb6 41. Nd5 Rbc6 42. Ne7 Ra6 43. Nf5 Ra8 44. Rxg7 Rc6 45. Rc1 Rc5 46. Rb1 d5 47. Rbb7 dxe4 48. Rh7+ Kg8 49. Rbg7+ Kf8 50. Rh8# 1-0